Guía de soldadura para el técnico profesional /
Contenido: 1) Soldadura con oxiacetileno; 2) Corte con oxicombustible; 3) Soldaduras fuerte y blanda; 4) Elementos comunes a todas las soldaduras; 5) Soldadura de arco metálico con electrodo revestido; 6) Soldaduras con alimentación de alambre: soldadura de arco metálico con protección de gas y sold...
Збережено в:
| Автор: | |
|---|---|
| Інші автори: | |
| Формат: | Книга |
| Мова: | Іспанська |
| Опубліковано: |
México :
Limusa,
2006, c2006
|
| Предмети: | |
| Теги: |
Немає тегів, Будьте першим, хто поставить тег для цього запису!
|
MARC
| LEADER | 00000nam^a2200000^a^4500 | ||
|---|---|---|---|
| 001 | 000411703 | ||
| 005 | 20250521000000.0 | ||
| 009 | 20260310122119.535 | ||
| 020 | |a 968-18-6387-9 | ||
| 037 | |a Acervo ITESO - Biblioteca | ||
| 041 | |a ESP | ||
| 082 | |a 671. 52 |b GAL | ||
| 100 | |a Galvery, William L., |c hijo |e (autor) | ||
| 240 | 1 | 1 | |a [Guía de soldadura para el técnico profesional] |
| 245 | 1 | 0 | |a Guía de soldadura para el técnico profesional / |c W.L. Galvery, hijo, F.M. Marlow. |
| 264 | 4 | |a México : |b Limusa, |c 2006, c2006 | |
| 300 | |a XII, 456 p. | ||
| 336 | |a texto |b txt |2 rdacontenido | ||
| 337 | |a sin mediación |b n |2 rdamedio | ||
| 338 | |a volumen |b nc |2 rdasoporte | ||
| 500 | |a Traducción de: Welding Essentials: Questions and Answers | ||
| 520 | |a Contenido: 1) Soldadura con oxiacetileno; 2) Corte con oxicombustible; 3) Soldaduras fuerte y blanda; 4) Elementos comunes a todas las soldaduras; 5) Soldadura de arco metálico con electrodo revestido; 6) Soldaduras con alimentación de alambre: soldadura de arco metálico con protección de gas y soldadura de arco con electrodo con núcleo de fundente; 7) Procedimientos de soldadura con electrodo no consumible: soldadura de arco con electrodo de tungsteno y gas inerte y soldadura con arco de plasma; 8) Estudio de otros métodos de soldadura; 9) Control de la distorsión; 10) Símbolos de la soldadura; 11) Inspección y discontinuidades; 12) Metalurgia de la soldadura; 13) Fuentes de poder y seguridad eléctrica; 14) Calificación y certificación; 15) Sugerencias para fabricación y reparación. Apéndices. | ||
| 649 | |a XX | ||
| 650 | |a Soldadura Eléctrica | ||
| 650 | |a Soldadura Térmica | ||
| 650 | |a Soldadura Oxiacetilénica | ||
| 650 | |a Soldadura - |x Equipo y Aparatos | ||
| 650 | |a Soldadura - |x Técnica | ||
| 650 | |a Soldadura - |x Tema Principal | ||
| 650 | |a Corte de Metales - |x Equipo y Aparatos | ||
| 650 | |a Metales | ||
| 650 | |a Resistencia de Materiales | ||
| 650 | |a Materiales de Ingeniería | ||
| 650 | |a Metalurgia | ||
| 650 | |a Ingeniería | ||
| 700 | |a Marlow, Frank M. |e (autor) | ||
| 910 | |a Fondo General | ||
| 920 | |a Impresos - Libros | ||
| 930 | |a Colección General | ||
| 905 | |a 101 | ||
| 901 | |a 0500320227 |b IT1 |c ACC |i D105056 |u 20250521 | ||
| 902 | |a https://opac.biblio.iteso.mx/vufind/Record/000411703 | ||